[Event "Xtracon Grand Master 2015"]
[Site "Asgaard Skole"]
[Date "2015.10.12"]
[Round "1.35"]
[White "Stage-Steffensen, Theo"]
[Black "Lauritsen, Martin Lee"]
[Result "0-1"]
[WhiteElo "1033"]
[BlackElo "2097"]
[PlyCount "90"]
[EventDate "2015.??.??"]
[WhiteTeam "Køge Skakklub"]
[BlackTeam "Tåstrup Skakforening"]

1. e4 c5 2. f4 Nc6 3. Nf3 d6 4. c3 Nf6 5. d4 cxd4 6. cxd4 Qa5+ 7. Nc3 Nxe4 8.
Ke2 Qxc3 9. bxc3 Nxc3+ 10. Ke1 Nxd1 11. Kxd1 Bg4 12. Be2 e6 13. h3 Bxf3 14.
Bxf3 d5 15. Re1 Nxd4 16. Bxd5 O-O-O 17. Bxb7+ Kxb7 18. Rb1+ Ka8 19. Bd2 Bc5 20.
a4 Rd5 21. Kc1 Ba3+ 22. Kd1 Rhd8 23. Re5 Nc6 24. Rxd5 Rxd5 25. Ke2 Nd4+ 26. Kf2
Nf5 27. Bc3 Bc5+ 28. Kf1 Ng3+ 29. Ke1 Bf2+ 30. Kxf2 Ne4+ 31. Ke1 Nxc3 32. Rb4
Rd1+ 33. Kf2 Rd2+ 34. Kf1 Nd5 35. Rb5 Nxf4 36. a5 Rd5 37. Rb4 Rxa5 38. Rxf4 Rf5
39. Rxf5 exf5 40. g3 Kb7 41. h4 Kc6 42. Ke2 Kd5 43. Kd3 a5 44. Kc3 Ke4 45. Kb3
Kf3 0-1

﻿

[Event "Xtracon Grand Master 2015"]
[Site "Asgaard Skole, Koge"]
[Date "2015.10.13"]
[Round "2.35"]
[White "Schjølin, John"]
[Black "Larsen, Preben R"]
[Result "0-1"]
[WhiteElo "1285"]
[BlackElo "1844"]
[PlyCount "96"]
[EventDate "2015.??.??"]
[WhiteTeam "Gribskov Skakklub"]
[BlackTeam "Roskilde Skakklub"]

1. e4 c5 2. c4 Nc6 3. Nf3 d6 4. Nc3 Bg4 5. Be2 Nf6 6. a3 e6 7. b3 Be7 8. d4
Bxf3 9. Bxf3 Nxd4 10. O-O O-O 11. Be3 Nxf3+ 12. Qxf3 Nd7 13. Rfd1 a6 14. Qe2
Qc7 15. Bf4 Rad8 16. Rd3 Ne5 17. Rg3 Ng6 18. Bg5 Bxg5 19. Rxg5 Qe7 20. Rg3 f5
21. Rd1 f4 22. Rh3 Qf6 23. Rdd3 Ne5 24. Rd2 f3 25. gxf3 Nxf3+ 26. Rxf3 Qxf3 27.
Rd3 Qxe2 28. Nxe2 Rf7 29. Kg2 b5 30. a4 bxa4 31. bxa4 Rb7 32. a5 Rb4 33. Rc3
Ra4 34. Nf4 Kf7 35. h3 Rb8 36. Nd3 Rxa5 37. e5 Ke7 38. exd6+ Kxd6 39. Nf4 Ra4
40. Re3 Rxc4 41. Nxe6 Re8 42. Nxg7 Rxe3 43. Nf5+ Ke6 44. Nxe3 Rc1 45. Kh2 c4
46. Kg2 c3 47. Nc4 c2 48. Na3 Rg1+ 0-1

﻿

[Event "Xtracon Grand Master 2015"]
[Site "Asgaard Skole, Koge, Denmark"]
[Date "2015.10.14"]
[Round "3.36"]
[White "Stage-Steffensen, Theo"]
[Black "Kirkebække, Mark"]
[Result "0-1"]
[WhiteElo "1033"]
[BlackElo "1759"]
[PlyCount "38"]
[EventDate "2015.??.??"]
[WhiteTeam "Køge Skakklub"]
[BlackTeam "Tåstrup Skakforening"]

1. e4 c5 2. f4 e5 3. f5 Qh4+ 4. g3 Qxe4+ 5. Be2 Qxh1 6. Kf2 Qxh2+ 7. Kf3 b6 8.
Nc3 Bb7+ 9. Ne4 Qh1+ 10. Kf2 Qxe4 11. Nf3 c4 12. Kg2 Bc5 13. d3 Qxf5 14. dxc4
e4 15. Nh2 Qf2+ 16. Kh3 h5 17. Bd2 e3 18. Bf3 exd2 19. Bxb7 h4 0-1

﻿

[Event "Xtracon Grand Master 2015"]
[Site "Asgaard Skole, Koge"]
[Date "2015.10.15"]
[Round "4.35"]
[White "Stage-Steffensen, Theo"]
[Black "Stage-Steffensen, Sander"]
[Result "0-1"]
[WhiteElo "1033"]
[BlackElo "1515"]
[PlyCount "90"]
[EventDate "2015.??.??"]
[WhiteTeam "Køge Skakklub"]
[BlackTeam "Køge Skakklub"]

1. e4 d6 2. d4 Nf6 3. Nc3 e5 4. Nf3 Nbd7 5. Bg5 Be7 6. Bxf6 Bxf6 7. d5 O-O 8.
Nb5 Nc5 9. Bd3 b6 10. b4 Nxd3+ 11. Qxd3 Ba6 12. c4 Bxb5 13. cxb5 Qd7 14. h4 Qg4
15. Rh2 Be7 16. Qe3 f5 17. Ng5 Bxg5 18. hxg5 Qxe4 19. Qxe4 fxe4 20. Ke2 Rf5 21.
Rah1 Rxg5 22. Rxh7 Kf7 23. Ke3 Rxg2 24. Kxe4 Rxf2 25. Rg1 Rg8 26. Rc1 Kg6 27.
Rhh1 Rf4+ 28. Ke3 Rf7 29. Rcg1+ Kf6 30. Rf1+ Ke7 31. Rxf7+ Kxf7 32. Rc1 Rc8 33.
Ke4 g6 34. Rf1+ Ke7 35. Rh1 Rf8 36. a4 Rf4+ 37. Ke3 Rxb4 38. Rh7+ Kd8 39. Rh8+
Kd7 40. Rh7+ Kc8 41. Rh8+ Kb7 42. Rg8 Rxa4 43. Rxg6 Rb4 44. Kd3 Rxb5 45. Kc4
Rc5+ 0-1

﻿

[Event "Xtracon Grand Master 2015"]
[Site "Asgaard Skole, Koge"]
[Date "2015.10.16"]
[Round "6.35"]
[White "Gottschalck, Christian"]
[Black "Stage-Steffensen, Theo"]
[Result "1-0"]
[WhiteElo "1817"]
[BlackElo "1033"]
[PlyCount "39"]
[EventDate "2015.??.??"]
[WhiteTeam "Nørresundby Skakklub"]
[BlackTeam "Køge Skakklub"]

1. e4 d6 2. d4 Nf6 3. Nc3 e5 4. dxe5 dxe5 5. Qxd8+ Kxd8 6. f3 c6 7. Bc4 Bb4 8.
Nge2 h6 9. Bxf7 b6 10. Be3 Ba6 11. O-O-O+ Nbd7 12. a3 Bxc3 13. Nxc3 Kc7 14. Rd2
Bb7 15. Rhd1 b5 16. Be6 Rhd8 17. Kb1 a5 18. h4 b4 19. Na4 Nf8 20. Bb6+ 1-0

﻿

[Event "Xtracon Grand Master 2015"]
[Site "Asgaard Skole, Koge"]
[Date "2015.10.17"]
[Round "7.35"]
[White "Nielsen, Bjørn"]
[Black "Schjølin, John"]
[Result "1-0"]
[WhiteElo "1358"]
[BlackElo "1285"]
[PlyCount "133"]
[EventDate "2015.??.??"]
[WhiteTeam "Nørrebro Skakklub"]
[BlackTeam "Gribskov Skakklub"]

1. e4 e5 2. Nf3 d6 3. Bc4 h6 4. O-O Bg4 5. Be2 Nf6 6. Nc3 c5 7. Bb5+ Nc6 8. d3
Be7 9. Nd5 O-O 10. Ne3 Bh5 11. Nf5 Bg6 12. Ng3 d5 13. exd5 Nxd5 14. Re1 Bf6 15.
Bxc6 bxc6 16. Nxe5 Bxe5 17. Rxe5 Re8 18. Rxe8+ Qxe8 19. Bd2 f6 20. f3 Qd7 21.
Ne4 Qe7 22. Qf1 f5 23. Nc3 Ne3 24. Bxe3 Qxe3+ 25. Qf2 Qxf2+ 26. Kxf2 Rd8 27.
Re1 Re8 28. Rd1 Bf7 29. b3 g5 30. h3 Kg7 31. Na4 f4 32. Re1 c4 33. bxc4 h5 34.
Rxe8 Bxe8 35. c5 Bf7 36. a3 Ba2 37. Nc3 Be6 38. Ke2 Kf6 39. d4 Bc4+ 40. Kf2 h4
41. Ne4+ Kg6 42. c3 a5 43. Ke1 Bd3 44. Nf2 Bb5 45. Ng4 Kf5 46. Nh2 Ke6 47. Nf1
Bxf1 48. Kxf1 Kd5 49. Ke2 Kc4 50. Kd2 Kb3 51. Kd3 Kxa3 52. Kc4 Kb2 53. d5 a4
54. dxc6 a3 55. c7 a2 56. c8=Q a1=Q 57. Qb7+ Kc1 58. Qb3 Qa6+ 59. Kd5 Qd3+ 60.
Kc6 Kd2 61. Qd5 Kxc3 62. Qxd3+ Kxd3 63. Kd5 Ke3 64. Ke5 Kf2 65. Kf5 Kxg2 66.
Kg4 Kf2 67. c6 1-0

﻿